Statistics for Multi-Word Large Cities by Any Word in One Minute

Click here to take the quiz!

General Stats

  • This quiz has been taken 157 times
  • The average score is 17 of 36

Answer Stats

City% Correct
New York
94%
Mexico City
77%
San Antonio
77%
San Diego
77%
San Francisco
77%
San José
77%
San Juan
77%
San Salvador
77%
Los Angeles
74%
Guatemala City
72%
Kansas City
66%
Kuwait City
66%
Salt Lake City
65%
Saint Louis
59%
Saint Petersburg
59%
São Paulo
55%
Cape Town
54%
Rio de Janeiro
54%
La Paz
53%
Port Harcourt
45%
Porto Alegre
45%
Buenos Aires
43%
Las Vegas
37%
George Town
34%
Kuala Lumpur
33%
Addis Ababa
31%
Santo Domingo
29%
Hong Kong
27%
Santa Cruz
20%
Washington, D.C.
20%
Dar es Salaam
19%
Belo Horizonte
18%
Phnom Penh
12%
Tel Aviv
8%
Nizhny Novgorod
4%
Virginia Beach
3%

Score Distribution

Percentile by Number Answered

Percent of People with Each Score

Your Score History

You have not taken this quiz